000 01400cam a22003134a 4500
001 12187179
005 20070613114457.0
008 000927s2001 nyua 001 0 eng
010 _a 00049437
020 _a0764116444
040 _aDLC
_cDLC
_dDLC
042 _apcc
050 0 0 _aHF5549.5.I6
_bH38 2001
082 0 0 _a650.14
_221
_bHAW
100 1 _aHawley, Casey Fitts.
_912610
245 1 0 _a100+ Winning Answers to the Toughest Interview Questions /
_cCasey Hawley ; illustrations by Deborah Zemke.
246 3 _aOne hundred plus winning answers to the toughest interview questions
260 _aHauppauge, NY :
_bBarron's Educational Series,
_cc2001.
300 _aviii, 216 p. :
_bill. ;
_c20 cm.
490 _aBarron's Educational Series
_x0764116444
500 _aIncludes index.
500 _a"A Business Success Guide"--- Cover.
650 0 _aEmployment interviewing.
_912611
700 1 _aZemke, Deborah.
_912612
856 4 2 _3Publisher description
_uhttp://www.loc.gov/catdir/enhancements/fy0630/00049437-d.html
942 _2ddc
_cBB
999 _c13662
_d13662